000
00274nam a2200109 a 4500
005
20140414132112.0
008
110805s19uu xx 00 eng d
050
_a
ER
_b
S1 2002
245
_a
The ants go marching.
260
_a
New York :
_b
Scholastic,
_c
2002.
999
_c
114791
_d
114791